000 00426nam a2200121Ia 4500
008 220216s9999 xx 000 0 und d
100 _aOzelli R N
245 0 _aDevelopment of aqueous rubber/metal adhesives taking into account the laws on protection of the environment
260 _bProceedings of the International Rubber Conference, Venice, 1979; p887-890
650 _aAdhesives
650 _aAqueous rubber
942 _cJS
999 _c56985
_d56985